<?xml version="1.0" encoding="UTF-8"?>
<record
    xmlns:xsi="http://www.w3.org/2001/XMLSchema-instance"
    xsi:schemaLocation="http://www.loc.gov/MARC21/slim http://www.loc.gov/standards/marcxml/schema/MARC21slim.xsd"
    xmlns="http://www.loc.gov/MARC21/slim">

  <leader>00673aaa a2200205 a 4500</leader>
  <controlfield tag="001">79022</controlfield>
  <controlfield tag="003">BD-RjUL</controlfield>
  <controlfield tag="005">20211219151843.0</controlfield>
  <controlfield tag="008">211219s195?    ir ||||| |||| 00| 0 per d</controlfield>
  <datafield tag="035" ind1=" " ind2=" ">
    <subfield code="a">(BD-RjUL)79022</subfield>
  </datafield>
  <datafield tag="040" ind1=" " ind2=" ">
    <subfield code="a">BD-RjUL</subfield>
    <subfield code="b">eng</subfield>
    <subfield code="c">BD-RjUL</subfield>
  </datafield>
  <datafield tag="041" ind1=" " ind2=" ">
    <subfield code="a">per</subfield>
  </datafield>
  <datafield tag="082" ind1=" " ind2=" ">
    <subfield code="2">23</subfield>
    <subfield code="a">915.5</subfield>
    <subfield code="b">SAS 195?</subfield>
  </datafield>
  <datafield tag="100" ind1=" " ind2=" ">
    <subfield code="a">&#x639;&#x6CC;&#x633;&#x6CC; &#x635;&#x62F;&#x6CC;&#x642; ;; Isa sadiq</subfield>
    <subfield code="9">250</subfield>
  </datafield>
  <datafield tag="245" ind1="1" ind2="0">
    <subfield code="a">&#x633;&#x6CC;&#x631; &#x641;&#x631;&#x647;&#x646;&#x6AF; &#x62F;&#x631; &#x627;&#x6CC;&#x631;&#x627;&#x646; &#x648; &#x645;&#x63A;&#x631;&#x628; &#x632;&#x645;&#x6CC;&#x646; ;; saer Farhang dar Iran wa magreb jamin / </subfield>
    <subfield code="c">&#x639;&#x6CC;&#x633;&#x6CC; &#x635;&#x62F;&#x6CC;&#x642; ;; Isa Sadiq</subfield>
  </datafield>
  <datafield tag="260" ind1=" " ind2=" ">
    <subfield code="a">Tihran :</subfield>
    <subfield code="b">&#x627;&#x646;&#x62A;&#x634;&#x627;&#x631;&#x627;&#x62A; &#x62F;&#x627;&#x646;&#x634;&#x6AF;&#x627;&#x647; &#x62A;&#x647;&#x631;&#x627;&#x646; ,</subfield>
    <subfield code="c">1914</subfield>
  </datafield>
  <datafield tag="300" ind1=" " ind2=" ">
    <subfield code="a">716 p. :</subfield>
    <subfield code="b">ill. ;</subfield>
    <subfield code="c">23 cm</subfield>
  </datafield>
  <datafield tag="650" ind1=" " ind2=" ">
    <subfield code="a">tour </subfield>
    <subfield code="z">Iran</subfield>
    <subfield code="9">251</subfield>
  </datafield>
  <datafield tag="942" ind1=" " ind2=" ">
    <subfield code="2">ddc</subfield>
    <subfield code="c">BK</subfield>
  </datafield>
  <datafield tag="999" ind1=" " ind2=" ">
    <subfield code="c">79022</subfield>
    <subfield code="d">79022</subfield>
  </datafield>
  <datafield tag="952" ind1=" " ind2=" ">
    <subfield code="0">0</subfield>
    <subfield code="1">0</subfield>
    <subfield code="2">ddc</subfield>
    <subfield code="4">0</subfield>
    <subfield code="7">1</subfield>
    <subfield code="8">NFIC</subfield>
    <subfield code="a">RUCL</subfield>
    <subfield code="b">RUCL</subfield>
    <subfield code="c">Reading</subfield>
    <subfield code="d">2021-12-19</subfield>
    <subfield code="o">F 915.5 SAS 195?</subfield>
    <subfield code="r">2021-12-19 00:00:00</subfield>
    <subfield code="t">C-1</subfield>
    <subfield code="y">BK</subfield>
  </datafield>
</record>
